Las pasiones ante las ciencias biológicas (Record no. 166926)

MARC details
000 -LEADER
campo de control de longitud fija 00945nam a2200193 i 4500
001 - NÚMERO DE CONTROL
campo de control 166926
003 - IDENTIFICADOR DE NÚMERO DE CONTROL
campo de control ES-MaACL
005 - FECHA Y HORA DE LA ÚLTIMA TRANSACCIÓN
campo de control 20231105063046.0
008 - DATOS DE LONGITUD FIJA--INFORMACIÓN GENERAL
campo de control de longitud fija 050921s1878 sp |||| | spa d
100 1# - ENTRADA PRINCIPAL--NOMBRE DE PERSONA
Nombre de persona Valle y Huerta, Gumersindo del,
Fechas asociadas al nombre 1849-1900
9 (RLIN) 133514
245 14 - MENCIÓN DEL TÍTULO
Título Las pasiones ante las ciencias biológicas
Resto del título : discurso leido en la sexta sesion inaugural de la "Sociedad Anatómica Española" verificada el dia 17 de noviembre de 1878 /
Mención de responsabilidad, etc. por Gumersindo del Valle y Huerta.
260 ## - PUBLICACIÓN, DISTRIBUCIÓN, ETC.
Lugar de publicación, distribución, etc. Madrid :
Nombre del editor, distribuidor, etc. [s.n.],
Fecha de publicación, distribución, etc. 1878 (
Fabricante Imp. de Enrique Teodoro)
300 ## - DESCRIPCIÓN FÍSICA
Extensión 52 p. ;
Dimensiones 22 cm.
530 ## - NOTA DISPONIBLE DE FORMULARIO FÍSICO ADICIONAL
Nota de formato físico adicional disponible Disponible en formato digital.
650 04 - PUNTO DE ACCESO ADICIONAL DE MATERIA--TÉRMINO DE MATERIA
Término de materia o nombre geográfico como elemento de entrada Biología-
Subdivisión general Filosofía.
9 (RLIN) 10585
852 ## - LOCALIZACIÓN
Ubicación ES-MaACL
Número de control de estantería T-314-F-3
Nota libre - Enc. hol.
-- - Enc. en un vol. facticio
856 ## - LOCALIZACIÓN Y ACCESO ELECTRÓNICOS
Identificador Uniforme de Recursos <a href="http://bibliotecadigitalhispanica.bne.es:80/webclient/DeliveryManager?pid=1678155&custom_att_2=simple_viewer">http://bibliotecadigitalhispanica.bne.es:80/webclient/DeliveryManager?pid=1678155&custom_att_2=simple_viewer</a>
Nota pública Biblioteca Digital Hispánica
Holdings
Estatus retirado Estado de pérdida Estado de daño No para préstamo Colección Biblioteca de origen Biblioteca actual Ubicación en estantería Fecha de adquisición Total de préstamos Signatura topográfica completa Código de barras Visto por última vez Precio de reemplazo Tipo de ítem Koha
        Colección de folletos Biblioteca del Ateneo de Madrid Biblioteca del Ateneo de Madrid Depósito folletos 17/01/2008   T-314-F-3 1175102 23/02/2023 23/02/2023 Folleto